Southville International School and Colleges
Your cart is empty.
  • Cart
  • Lists
    Public lists Eva Luna New books Lux_list list_1
    Your lists Log in to create your own lists
  • Log in to your account
  • Your cookies
  • Search history
Southville International School and Colleges
  • Advanced search
  • Recent comments
  • Most popular
  • Libraries

Log in to your account

Log in with GOOGLE


If you do not have an external account, but do have a local account, you can still log in:

  1. Home
  2. MARC view: Management skills :
Normal view MARC view ISBD view

Management skills : (Record no. 276731)

[ view plain ]
MARC details
000 -LEADER
fixed length control field 01256cam a22003135a 4500
003 - CONTROL NUMBER IDENTIFIER
control field SISC
005 - DATE AND TIME OF LATEST TRANSACTION
control field 20170118153036.0
008 - FIXED-LENGTH DATA ELEMENTS--GENERAL INFORMATION
fixed length control field 120716t20142014ohua b 001 0 eng d
010 ## - LIBRARY OF CONGRESS CONTROL NUMBER
LC control number 2012944414
020 ## - INTERNATIONAL STANDARD BOOK NUMBER
International Standard Book Number 9781133582953
020 ## - INTERNATIONAL STANDARD BOOK NUMBER
International Standard Book Number 1133582958
035 ## - SYSTEM CONTROL NUMBER
System control number (OCoLC)ocn800033226
040 ## - CATALOGING SOURCE
Original cataloging agency BTCTA
Language of cataloging eng
Transcribing agency BTCTA
Description conventions rda
Modifying agency YDXCP
-- BWX
-- TXA
-- OCLCQ
-- DLC
042 ## - AUTHENTICATION CODE
Authentication code lccopycat
050 00 - LIBRARY OF CONGRESS CALL NUMBER
Classification number HD 30.4
Item number .G74 2014
100 1# - MAIN ENTRY--PERSONAL NAME
Personal name Griffin, Ricky W.
245 10 - TITLE STATEMENT
Title Management skills :
Remainder of title assessment and development /
Statement of responsibility, etc Ricky W. Griffin, David D. Van Fleet.
250 ## - EDITION STATEMENT
Edition statement International edition.
260 ## - PUBLICATION, DISTRIBUTION, ETC. (IMPRINT)
Place of publication, distribution, etc U.S.A. :
Name of publisher, distributor, etc South-Western Cengage Learning,
Date of publication, distribution, etc 2014.
300 ## - PHYSICAL DESCRIPTION
Extent xviii, 430 pages :
Other physical details color illustrations ;
Dimensions 28 cm.
500 ## - GENERAL NOTE
General note Includes bibliographical references and index.
521 ## - TARGET AUDIENCE NOTE
Target audience note Business Administration
650 #0 - SUBJECT ADDED ENTRY--TOPICAL TERM
Topical term or geographic name as entry element Management
Form subdivision Textbooks.
700 1# - ADDED ENTRY--PERSONAL NAME
Personal name Van Fleet, David D.,
Relator term author.
856 42 - ELECTRONIC LOCATION AND ACCESS
Public note Contributor biographical information
Uniform Resource Identifier <a href="http://www.loc.gov/catdir/enhancements/fy1311/2012944414-b.html">http://www.loc.gov/catdir/enhancements/fy1311/2012944414-b.html</a>
856 42 - ELECTRONIC LOCATION AND ACCESS
Public note Publisher description
Uniform Resource Identifier <a href="http://www.loc.gov/catdir/enhancements/fy1311/2012944414-d.html">http://www.loc.gov/catdir/enhancements/fy1311/2012944414-d.html</a>
856 41 - ELECTRONIC LOCATION AND ACCESS
Public note Table of contents only
Uniform Resource Identifier <a href="http://www.loc.gov/catdir/enhancements/fy1311/2012944414-t.html">http://www.loc.gov/catdir/enhancements/fy1311/2012944414-t.html</a>
942 ## - ADDED ENTRY ELEMENTS (KOHA)
Source of classification or shelving scheme Library of Congress Classification
Koha item type Books
Call number prefix Foreign
Holdings
Withdrawn status Lost status Source of classification or shelving scheme Damaged status Home library Current library Shelving location Date acquired Source of acquisition Cost, normal purchase price Total Checkouts Full call number Barcode Date last seen Price effective from Koha item type Sub Shelving location
    Library of Congress Classification   College Library College Library Reserve Section 11/06/2014 Library Fund 5798.00   HD 30.4 .G74 2014 C18850 05/15/2018 11/06/2014 Books  
    Library of Congress Classification   College Library College Library Reserve Section 08/06/2015 Library Fund 5798.00   HD 30.4 .G74 2014 C19676 05/15/2018 08/06/2015 Books  

Management skills :

APA

Griffin R. W., Van Fleet D. D., . (2014). Management skills. U.S.A: South-Western Cengage Learning.

Chicago

Griffin Ricky W, Van Fleet David D, . 2014. Management skills. U.S.A: South-Western Cengage Learning.

Harvard

Griffin R. W., Van Fleet D. D., . (2014). Management skills. U.S.A: South-Western Cengage Learning.

MLA

Griffin Ricky W, Van Fleet David D, . Management skills. U.S.A: South-Western Cengage Learning. 2014.

  • Place hold
  • Print
  • Cite
  • Add to your cart (remove)
  • Save record
    BIBTEX Dublin Core MARCXML MARC (non-Unicode/MARC-8) MARC (Unicode/UTF-8) MARC (Unicode/UTF-8, Standard) MODS (XML) RIS
  • More searches
    Search for this title in:
    Other Libraries (WorldCat) Other Databases (Google Scholar) Online Stores (Bookfinder.com) Open Library (openlibrary.org)

Exporting to Dublin Core...

SOUTHVILLE LIBRARY

Southville International School and Colleges Library

1281 Tropical Ave. Cor. Luxembourg St., BF Homes International, Las Pinas City

Tel. No. 8256374 / 252358 Loc. 117/146

Powered by Koha